Largest Cities A-Z With Exceptions - Statistics

General Stats
  • This quiz has been taken 85 times
    47 since last reset
  • The average score is 19 of 25
Answer Stats
Population Continent Answer % Correct
B 15.8 mil South America Buenos Aires
93%
L 17.6 mil North America Los Angeles
93%
N 22.0 mil North America New York City
93%
C 16.8 mil Africa Cairo
91%
I 14.3 mil Europe Istanbul
91%
P 11.2 mil Europe Paris
91%
M 22.1 mil North America Mexico City
89%
D 6.5 mil North America Dallas
86%
R 12.7 mil South America Rio de Janeiro
86%
S 21.8 mil South America São Paulo
86%
W 8.35 mil North America Washington DC
86%
H 6.2 mil North America Houston
77%
Q 2.6 mil South America Quito
77%
J 13.4 mil Africa Johannesburg
75%
A 5.5 mil North America Atlanta
73%
K 10.6 mil Africa Kinshasa
73%
T 7.1 mil North America Toronto
70%
E 1.27 mil North America Edmonton
64%
V 2.50 mil North America Vancouver
64%
F 3.5 mil South America Fortaleza
59%
G 4.9 mil North America Guadalajara
57%
Z 1.3 mil Europe Zurich
57%
O 3.0 mil North America Orlando
52%
Y 2.7 mil Africa Yaoundé
48%
U 1.1 mil Europe Ufa
23%
No matching quizzes found
Score Distribution
Percent of People with Each Score
Percentile by Number Answered
Your Score History
You have not taken this quiz since the last reset